Regions to be woeful (Record no. 83789)
[ view plain ]
| 000 -LEADER | |
|---|---|
| fixed length control field | 00915cab a22001935a 4500 |
| 001 - CONTROL NUMBER | |
| control field | L155030 |
| 008 - FIXED-LENGTH DATA ELEMENTS--GENERAL INFORMATION | |
| fixed length control field | 120220e20120217xxk 000 0 eng d |
| 035 ## - SYSTEM CONTROL NUMBER | |
| System control number | (Sirsi) u155030 |
| 041 0# - LANGUAGE CODE | |
| Language code of text/sound track or separate title | eng |
| 100 1# - MAIN ENTRY--PERSONAL NAME | |
| Personal name | Hatcher, David |
| 245 00 - TITLE STATEMENT | |
| Title | Regions to be woeful |
| 260 ## - PUBLICATION, DISTRIBUTION, ETC. | |
| Date of publication, distribution, etc. | 2012 |
| 490 #0 - SERIES STATEMENT | |
| Series statement | Property Week |
| Volume/sequential designation | 78 (07) 17 February 2012, Sheds supplement, 4-5(2) |
| 520 ## - SUMMARY, ETC. | |
| Summary, etc. | Take-up of big sheds was disastrous in 2011. Provides a regional breakdown of the shed market based on Jones Lang LaSalle research. An increased focus is expected on the integration of different modes of transport and rail-connected ports. No-one is doing any speculative building of any scale in this sector. However there still an estimated 24m sq ft of active requirements for distribution units in the south-east and the Midlands. |
| 590 ## - LOCAL NOTE (RLIN) | |
| Local note | KA |
| 651 #4 - SUBJECT ADDED ENTRY--GEOGRAPHIC NAME | |
| Geographic name | United Kingdom |
| Chronological subdivision | |
| 690 ## - LOCAL SUBJECT ADDED ENTRY--TOPICAL TERM (OCLC, RLIN) | |
| Topical term or geographic name as entry element | Commercial property |
| 9 (RLIN) | 6227 |
| 942 ## - ADDED ENTRY ELEMENTS (KOHA) | |
| Suppress in OPAC | 0 |
| Withdrawn status | Lost status | Source of classification or shelving scheme | Damaged status | Not for loan | Home library | Current library | Shelving location | Date acquired | Total Checkouts | Full call number | Barcode | Date last seen | Price effective from | Koha item type |
|---|---|---|---|---|---|---|---|---|---|---|---|---|---|---|
| Dewey Decimal Classification | London | London | Journal article | 20/02/2012 | L155030 | 155030-1001 | 06/08/2019 | 06/08/2019 | Journal |